[Event "BRA-ch U18 Girls"]
[Site "Sao Paulo"]
[Date "2018.03.31"]
[Round "4"]
[White "Nicoladeli, Isadora Da Rocha"]
[Black "Duarte, Jennifer Tavares"]
[Result "1-0"]
[WhiteElo "1466"]
[BlackElo "1399"]
[PlyCount "85"]
[EventDate "2018.03.29"]
[EventType "swiss"]
[EventRounds "6"]
[EventCountry "BRA"]
[SourceTitle "EXT 2019"]
[Source "ChessBase"]
[SourceDate "2018.10.10"]
[SourceVersion "1"]
[SourceVersionDate "2018.10.10"]
[SourceQuality "1"]

1. e4 e5 2. Nf3 d6 3. d4 Bg4 4. dxe5 Nc6 5. exd6 Bxf3 6. Qxf3 Nd4 7. Qc3 Qxd6 8. Be3 0-0-0 9. Bxd4 Qxd4 10. Qxd4 Rxd4 11. Bd3 Bb4+ 12. Ke2 Bc5 13. Nc3 Ne7 14. Rhd1 Rb4 15. b3 Bd4 16. a3 Rb6 17. Na4 Rf6 18. c3 Be5 19. Rac1 Bxh2 20. g3 Nc6 21. Rh1 Rh6 22. Nb2 Ne5 23. Nc4 Ng4 24. Ne3 f5 25. Nxf5 Rf6 26. f3 g6 27. Ne7+ Kd7 28. Nd5 Bxg3 29. Nxf6+ Nxf6 30. Rcd1 Ke7 31. Bc4 Be5 32. Rd3 c6 33. b4 Nh5 34. Kf2 Nf4 35. Re3 b5 36. Bb3 Rd8 37. Rxh7+ Kf6 38. Rf7+ Kg5 39. Kf1 Nd3 40. Re2 Bxc3 41. Rg2+ Kh6 42. f4 Nc1 43. Rh2# 1-0

[Event "Paranaense-ch (Women) 2015"]
[Site "Curitiba"]
[Date "2016.01.24"]
[Round "4.6"]
[White "De Carvalho, Thais Ferreira Mont"]
[Black "Duarte, Jennifer Tavares"]
[Result "1/2-1/2"]
[WhiteElo "1348"]
[BlackElo "1410"]
[PlyCount "114"]
[EventDate "2016.01.23"]
[EventType "swiss"]
[EventRounds "6"]
[EventCountry "BRA"]
[SourceTitle "EXT 2022"]
[Source "ChessBase"]
[SourceDate "2021.10.06"]
[SourceVersion "1"]
[SourceVersionDate "2021.10.06"]
[SourceQuality "1"]

1. Nf3 d5 2. g3 Nc6 3. Bg2 Bg4 4. 0-0 e5 5. h3 Bh5 6. d3 Nf6 7. c4 d4 8. Bg5 Bd6 9. Nbd2 h6 10. Bxf6 gxf6 11. Ne4 f5 12. Nxd6+ Qxd6 13. Nd2 Rg8 14. Re1 Qg6 15. Kh2 f4 16. g4 f5 17. f3 Qg5 18. Rg1 Bf7 19. Qe1 Ne7 20. Qf2 h5 21. a3 Rh8 22. gxf5 Nxf5 23. Ne4 Qe7 24. b4 c6 25. c5 Qe6 26. Rab1 Qa2 27. Ra1 Qb3 28. Rgb1 Qa4 29. Rg1 a5 30. Qe1 h4 31. Qd2 Bb3 32. Qb2 Ke7 33. Nd2 Be6 34. Rgc1 axb4 35. Qxb4 Qxb4 36. axb4 Ne3 37. Rxa8 Rxa8 38. Ne4 Ra2 39. Re1 Rb2 40. Nd6 Rxb4 41. Kg1 Bc8 42. Nxc8+ Kd7 43. Nb6+ Kc7 44. Kf2 Rb5 45. Rc1 Ra5 46. Bf1 Nd5 47. Nxd5+ cxd5 48. Ke1 Kc6 49. Kd2 Rxc5 50. Rxc5+ Kxc5 51. Kc2 Kb4 52. Kb2 b5 53. Bg2 Ka4 54. Bf1 b4 55. Bg2 Kb5 56. Kb3 Kc5 57. Bh1 Kb5 1/2-1/2

[Event "Blumenau Taca Santa Catarina op"]
[Site "Blumenau"]
[Date "2015.11.06"]
[Round "1.18"]
[White "Barbosa, Jefferson Lucas Mun"]
[Black "Duarte, Jennifer Tavares"]
[Result "1-0"]
[WhiteElo "1912"]
[BlackElo "1429"]
[PlyCount "53"]
[EventDate "2015.11.06"]
[EventType "swiss"]
[EventRounds "6"]
[EventCountry "BRA"]
[SourceTitle "EXT 2022"]
[Source "ChessBase"]
[SourceDate "2021.10.06"]
[SourceVersion "1"]
[SourceVersionDate "2021.10.06"]
[SourceQuality "1"]

1. e4 e5 2. Nf3 Nc6 3. Bb5 Nd4 4. Nxd4 exd4 5. 0-0 Qg5 6. Qe2 Bd6 7. e5 Bxe5 8. f4 Qe7 9. Qxe5 Qxe5 10. fxe5 c6 11. Bc4 Nh6 12. d3 Rf8 13. Bxh6 gxh6 14. Nd2 b5 15. Bb3 Bb7 16. Ne4 Ke7 17. Nd6 Rab8 18. Rf6 c5 19. Raf1 Kd8 20. Rxf7 Rxf7 21. Rxf7 Kc7 22. Nxb7 Rxb7 23. Rxh7 Rb6 24. e6 Kd8 25. Rxd7+ Ke8 26. Bd5 Ra6 27. g4 1-0

[Event "Matinhos Caioba-ch"]
[Site "Matinhos"]
[Date "2015.08.30"]
[Round "6"]
[White "Duarte, Jennifer Tavares"]
[Black "Zampier, Alexandre"]
[Result "0-1"]
[WhiteElo "1792"]
[BlackElo "1524"]
[PlyCount "102"]
[EventDate "2015.08.28"]
[EventType "swiss"]
[EventRounds "6"]
[EventCountry "BRA"]
[SourceTitle "EXT 2016"]
[Source "ChessBase"]
[SourceDate "2015.10.08"]
[SourceVersion "1"]
[SourceVersionDate "2015.10.08"]
[SourceQuality "1"]

1. e4 d5 2. e5 d4 3. Nf3 Bg4 4. h3 Bxf3 5. Qxf3 Nc6 6. Bb5 Qd7 7. 0-0 e6 8. c3 a6 9. Bxc6 Qxc6 10. Qxc6+ bxc6 11. d3 c5 12. c4 g6 13. f4 Nh6 14. g4 Bg7 15. Bd2 Kd7 16. a3 a5 17. b3 Rhb8 18. f5 Rxb3 19. fxg6 hxg6 20. Bxh6 Bxh6 21. Rxf7+ Kc6 22. Rf6 Rxd3 23. Rxe6+ Kd7 24. Rxg6 Rh8 25. Kg2 Bf4 26. Ra2 Rdxh3 27. Rf2 Rg3+ 28. Kf1 Rh1+ 29. Ke2 Re3+ 30. Kd2 Rf3+ 31. Ke2 Rxf2+ 32. Kxf2 Rxb1 33. Ke2 Bxe5 34. Rh6 Rg1 35. Rh5 Bf4 36. Rd5+ Kc6 37. Kf3 Be3 38. a4 Rc1 39. g5 Bxg5 40. Rxg5 Rxc4 41. Rg6+ Kb7 42. Ke2 Rxa4 43. Kd2 Ra3 44. Kc2 a4 45. Kb2 Rb3+ 46. Ka2 d3 47. Rg4 d2 48. Rxa4 Rb4 49. Rxb4+ cxb4 50. Kb3 d1Q+ 51. Kxb4 Qd5 0-1